000 01068nam a2200313 i 4500
003 EG-GICUC
005 20260428084109.0
008 260428s1931 fr ||||fr|||| 00| 0 fre d
040 _aEG-GiCUC
_bfre
_cEG-GiCUC
_dEG-GiCUC
_eRda
082 0 4 _221
_a341.851
_bTE . T
092 0 4 _221
099 _aLaw1 12 341.851 TE . T 1931
100 1 _aTeyssaire, Jean
_eAuteur
245 1 4 _aLes Tribunaux Arbitraux Mixtes /
_b
_cJean Teyssaire, Pierre De Solere ; Pierre Jaudon.
264 1 _aParis :
_bLes Éditions Internationales,
_c1931.
300 _a243page :
_billustration ;
_c 24 cm.
336 _2rda contenu
_a texte
337 _2rda medias
_aOrdinateur
338 _2 transporteur rda
_a Ressource en ligne
504 _aBibliography: pages 200-250. 240-220
546 _aTexte en français
650 1 4 _aDroit international privé
_2
651 1 _2
700 1 _aJaudon, Pierre
_ePréfacier
700 1 _aSolere, Pierre De
_eCo-Auteur
856 4 0 _uhttps://fll.law.cu.edu.eg/fulltext/bks/B12-02994.pdf
905 _a50
942 _2ddc
_cBK
_e21
_n0
999 _c73764
_d73764